<?xml version="1.0" encoding="UTF-8"?>
<record
    xmlns:xsi="http://www.w3.org/2001/XMLSchema-instance"
    xsi:schemaLocation="http://www.loc.gov/MARC21/slim http://www.loc.gov/standards/marcxml/schema/MARC21slim.xsd"
    xmlns="http://www.loc.gov/MARC21/slim">

  <leader>00947nam a22002537a 4500</leader>
  <controlfield tag="003">dpl</controlfield>
  <controlfield tag="005">20170124110258.0</controlfield>
  <controlfield tag="008">161130b        xxu||||| |||| 00| 0 eng d</controlfield>
  <datafield tag="010" ind1=" " ind2=" ">
    <subfield code="a">B-022566</subfield>
  </datafield>
  <datafield tag="020" ind1=" " ind2=" ">
    <subfield code="a">8124601453</subfield>
    <subfield code="c">6250.00(set)</subfield>
  </datafield>
  <datafield tag="035" ind1=" " ind2=" ">
    <subfield code="a">B-022566</subfield>
  </datafield>
  <datafield tag="037" ind1=" " ind2=" ">
    <subfield code="a">Cen Lib/Ret</subfield>
  </datafield>
  <datafield tag="040" ind1=" " ind2=" ">
    <subfield code="a">DPL</subfield>
    <subfield code="b">EN</subfield>
    <subfield code="c">TIT</subfield>
  </datafield>
  <datafield tag="082" ind1=" " ind2=" ">
    <subfield code="a">230.3103</subfield>
    <subfield code="b">BUN</subfield>
  </datafield>
  <datafield tag="100" ind1=" " ind2=" ">
    <subfield code="a">Bunce, Fredrick W.</subfield>
    <subfield code="9">1318</subfield>
  </datafield>
  <datafield tag="245" ind1=" " ind2=" ">
    <subfield code="a">An encyclopaedia of Hindu deities, demi-gods, godlings, demons, and heroes :</subfield>
    <subfield code="b"> with special focus on iconographic attributes /</subfield>
    <subfield code="c">by Fredrick W Bunce</subfield>
  </datafield>
  <datafield tag="260" ind1=" " ind2=" ">
    <subfield code="a">New Delhi</subfield>
    <subfield code="b">DK Printworld Pvt Ltd</subfield>
  </datafield>
  <datafield tag="270" ind1=" " ind2=" ">
    <subfield code="a">f-52, Bali Nager</subfield>
    <subfield code="b">New Delhi</subfield>
    <subfield code="e">110015</subfield>
  </datafield>
  <datafield tag="300" ind1=" " ind2=" ">
    <subfield code="a">3 v. (v 1. 692 ; v 2. 696-1371 ; v 3. 1373-1627)</subfield>
    <subfield code="b">27cm.</subfield>
  </datafield>
  <datafield tag="500" ind1=" " ind2=" ">
    <subfield code="a">3 v. ;  v 1. (available) ; v 2. (available) ; v 3. (available) </subfield>
  </datafield>
  <datafield tag="650" ind1=" " ind2=" ">
    <subfield code="a">Hindu gods -- Encyclopedias.</subfield>
  </datafield>
  <datafield tag="650" ind1=" " ind2=" ">
    <subfield code="a">Hindu demonology -- Encyclopedias.</subfield>
  </datafield>
  <datafield tag="942" ind1=" " ind2=" ">
    <subfield code="2">ddc</subfield>
    <subfield code="c">EN</subfield>
    <subfield code="h">230.3103</subfield>
    <subfield code="m">BUN</subfield>
  </datafield>
  <datafield tag="999" ind1=" " ind2=" ">
    <subfield code="c">136362</subfield>
    <subfield code="d">136362</subfield>
  </datafield>
  <datafield tag="952" ind1=" " ind2=" ">
    <subfield code="0">0</subfield>
    <subfield code="1">0</subfield>
    <subfield code="3">v.1</subfield>
    <subfield code="4">0</subfield>
    <subfield code="7">1</subfield>
    <subfield code="8">REF</subfield>
    <subfield code="a">L</subfield>
    <subfield code="b">L</subfield>
    <subfield code="d">2016-02-26</subfield>
    <subfield code="e">Cen Lib/Ret</subfield>
    <subfield code="g">6250.00</subfield>
    <subfield code="l">0</subfield>
    <subfield code="o">230.3103 BUN</subfield>
    <subfield code="p">B-022566</subfield>
    <subfield code="r">2016-02-26 00:00:00</subfield>
    <subfield code="t">1</subfield>
    <subfield code="v">6250.00</subfield>
    <subfield code="w">2016-02-26</subfield>
    <subfield code="y">EN</subfield>
  </datafield>
  <datafield tag="952" ind1=" " ind2=" ">
    <subfield code="0">0</subfield>
    <subfield code="1">0</subfield>
    <subfield code="3">v.2</subfield>
    <subfield code="4">0</subfield>
    <subfield code="7">1</subfield>
    <subfield code="8">REF</subfield>
    <subfield code="a">L</subfield>
    <subfield code="b">L</subfield>
    <subfield code="d">2016-02-26</subfield>
    <subfield code="e">Cen Lib/Ret</subfield>
    <subfield code="g">6250.00</subfield>
    <subfield code="l">0</subfield>
    <subfield code="o">230.3103 BUN</subfield>
    <subfield code="p">B-022567</subfield>
    <subfield code="r">2016-02-26 00:00:00</subfield>
    <subfield code="t">2</subfield>
    <subfield code="v">6250.00</subfield>
    <subfield code="w">2016-02-26</subfield>
    <subfield code="y">EN</subfield>
  </datafield>
  <datafield tag="952" ind1=" " ind2=" ">
    <subfield code="0">0</subfield>
    <subfield code="1">0</subfield>
    <subfield code="3">v.3</subfield>
    <subfield code="4">0</subfield>
    <subfield code="7">1</subfield>
    <subfield code="8">REF</subfield>
    <subfield code="a">L</subfield>
    <subfield code="b">L</subfield>
    <subfield code="d">2016-02-26</subfield>
    <subfield code="e">Cen Lib/Ret</subfield>
    <subfield code="g">6250.00</subfield>
    <subfield code="l">0</subfield>
    <subfield code="o">230.3103 BUN</subfield>
    <subfield code="p">B-022568</subfield>
    <subfield code="r">2016-02-26 00:00:00</subfield>
    <subfield code="t">3</subfield>
    <subfield code="v">6250.00</subfield>
    <subfield code="w">2016-02-26</subfield>
    <subfield code="y">EN</subfield>
  </datafield>
</record>
